Το λιμάνι της σταφίδας : Πάτρα 1828-1900 : εμπόριο, βιομηχανία, τράπεζες, ασφάλειες
Saved in:
| Main Author: | |
|---|---|
| Format: | Book |
| Language: | Greek |
| Published: |
Πάτρα :
Περί Τεχνών,
2000
|
| Subjects: | |
| Tags: |
Add Tag
No Tags, Be the first to tag this record!
|
MARC
| LEADER | 00000cam a2200000 i 4500 | ||
|---|---|---|---|
| 001 | 1/24819 | ||
| 008 | 060221s2000 gre d | ||
| 020 | |a 960-86814-0-5 | ||
| 035 | |l 10082760 | ||
| 040 | |a GR-MY-UA |b gre |e aacr | ||
| 041 | 0 | |a gre | |
| 082 | 0 | |a 338.4094952 |2 (22) | |
| 100 | 1 | |a Μούλιας, Χρήστος Α., |d 1950- | |
| 245 | 1 | 3 | |a Το λιμάνι της σταφίδας : |b Πάτρα 1828-1900 : εμπόριο, βιομηχανία, τράπεζες, ασφάλειες / |c Χρήστου Α. Μούλια |
| 260 | |a Πάτρα : |b Περί Τεχνών, |c 2000 | ||
| 300 | |a 561 σ.; |b έγχρ. εικ., πανομ.; |c 24 εκ. | ||
| 504 | |a Περιέχει βιβλιογραφία και ευρετήρια | ||
| 650 | 0 | 0 | |a Raisin industry |z Greece |z Patrai |x History |y 19th century. |
| 651 | 0 | |a Patrai (Greece) |x Economic conditions |y 19th century. | |
| 651 | 0 | |a Patrai (Greece) |x Social conditions |y 19th century. | |
| 651 | 0 | |a Patrai (Greece) |x Commerce. | |
| 852 | |a INST |b LESVOS |e 20060221 |h 338.4094952 ΜΟΥ |p 005100034563 |q 005100034563 |t BK |y 0 | ||
| 901 | |a BIBL1-2006-1 | ||
| 909 | |a Λ |b 125939 | ||
| 970 | |a ΚΑΡΑ |b ΓΙΑΣΕΜΗ |z 2006/02/21 | ||